| 000 | 01273nab a2200265 4500 | ||
|---|---|---|---|
| 003 | AR-RoBPED | ||
| 005 | 20260424093517.0 | ||
| 008 | 260424b |||||||| |||| 00| 0 spa d | ||
| 040 | _aAR-RoBPED | ||
| 041 | _aspa | ||
| 100 | 1 |
_aBazán, Héctor G. _926584 _eDoctor en Geografía y máster en Investigación aplicada a la Educación |
|
| 245 | 1 | _aRedacción de preguntas para un estudio de casos en educación ambiental / | |
| 260 |
_aBuenos Aires : _bNoveduc, _c2024 |
||
| 300 | _a46-49 p. | ||
| 500 | _aEl presente trabajo ofrece aspectos conceptuales sobre la Educación Ambiental Integral y el estudio de casos, así como también comparte una experiencia didáctica para el desarrollo de aprendizajes y contenidos relacionados con al educación ambiental, llevada a cabo en un instituto de Nivel Superior de la ciudad de Córdoba. | ||
| 650 | 7 |
_aEDUCACION AMBIENTAL _911 |
|
| 650 | 0 |
_aNIVEL SUPERIOR _928977 |
|
| 650 | 7 |
_aDIDACTICA _9167 |
|
| 650 | 7 |
_aENSEÑANZA _9342 |
|
| 650 | 7 |
_aAPRENDIZAJE _9560 |
|
| 650 | 7 |
_aEXPERIENCIAS EDUCACIONALES _918339 |
|
| 773 | 0 |
_020414 _941866 _dBuenos Aires : Noveduc, 1993- _tNovedades Educativas _w(AR-RoBPED)20414 _x03283534 |
|
| 942 |
_2udc _cREV _h37(05) _mNov 86 N° 398 (Sept.2024) _ak.32620 |
||
| 945 | _amar 04/2026 | ||
| 999 |
_c32620 _d32620 |
||